[Event "Benidorm 2012 - Nuevas Generaciones s16"]
[Site "Benidorm ESP"]
[Date "2012.12.05"]
[Round "1.1"]
[White "Gonzalez Fernandez, Pedro"]
[Black "Suarez Garcia, Carlos"]
[Result "1/2-1/2"]
[WhiteElo "1761"]
[BlackElo "2307"]
[PlyCount "57"]
[EventDate "2012.12.05"]
[EventType "swiss"]
[EventRounds "7"]
[EventCountry "ESP"]
[Source "lmi"]
[SourceDate "2012.12.05"]

1. e4 c5 2. Nc3 Nc6 3. g3 g6 4. Bg2 Bg7 5. d3 e6 6. Be3 Nd4 7. Nge2 Ne7 8. Qd2
a6 9. O-O O-O 10. Nc1 d6 11. Nd1 e5 12. c3 Ne6 13. f4 f5 14. Ne2 Rb8 15. Nf2
Nc6 16. Kh1 Kh8 17. Ng1 Qd7 18. Nf3 b5 19. Nh3 Bb7 20. Nhg5 Ncd8 21. Kg1 Rc8
22. Bh3 exf4 23. gxf4 Qc6 24. Qg2 Nxg5 25. Nxg5 h6 26. Nf3 fxe4 27. Nh4 Rc7 28.
Nxg6+ Kh7 29. Nxf8+ 1/2-1/2

[Event "Benidorm 2012 - Nuevas Generaciones s16"]
[Site "Benidorm ESP"]
[Date "2012.12.05"]
[Round "1.2"]
[White "Montoliu Cervero, Francisco"]
[Black "Redondo Benavente, Jose Carlos"]
[Result "1-0"]
[WhiteElo "2270"]
[BlackElo "1759"]
[PlyCount "115"]
[EventDate "2012.12.05"]
[EventType "swiss"]
[EventRounds "7"]
[EventCountry "ESP"]
[Source "lmi"]
[SourceDate "2012.12.05"]

1. e4 e5 2. Nf3 Nc6 3. Bb5 Nge7 4. O-O g6 5. c3 Bg7 6. d4 exd4 7. cxd4 d5 8.
exd5 Nxd5 9. Re1+ Be6 10. Ne5 Qd6 11. Nc3 O-O 12. Ne4 Qb4 13. Bxc6 bxc6 14. Nc5
Bxe5 15. Rxe5 Rfe8 16. a3 Qb6 17. Qe2 Qb5 18. Qe1 Qc4 19. Nxe6 fxe6 20. Rxe6
Kf7 21. Rxe8 Rxe8 22. Be3 Qb3 23. Qd2 Nxe3 24. fxe3 Qxe3+ 25. Qxe3 Rxe3 26. Rc1
Re6 27. Kf2 Ke7 28. Rc5 Kd7 29. Ra5 Re4 30. Rxa7 Rxd4 31. b4 Kc8 32. Ra8+ Kb7
33. Rh8 Rd7 34. Re8 Rd2+ 35. Kf3 Rd3+ 36. Re3 Rd7 37. Kg4 Kb6 38. Rc3 Rd5 39.
Rh3 Rd7 40. Kg5 Rd2 41. g4 Rd5+ 42. Kh6 Rd4 43. g5 Rd7 44. Rc3 Rf7 45. h4 Kb5
46. Rc5+ Ka4 47. Rxc6 Kxa3 48. b5 Kb4 49. b6 cxb6 50. Rxb6+ Kc5 51. Rf6 Re7 52.
Rf8 Kd5 53. Rh8 Re4 54. Rd8+ Kc6 55. Kxh7 Rxh4+ 56. Kxg6 Kc7 57. Rd1 Rh2 58.
Kg7 1-0

[Event "Benidorm 2012 - Nuevas Generaciones s16"]
[Site "Benidorm ESP"]
[Date "2012.12.05"]
[Round "1.3"]
[White "Sendra Tormo, Juan"]
[Black "Acosta Sosa, Juan Manuel"]
[Result "0-1"]
[WhiteElo "1753"]
[BlackElo "2167"]
[PlyCount "134"]
[EventDate "2012.12.05"]
[EventType "swiss"]
[EventRounds "7"]
[EventCountry "ESP"]
[Source "lmi"]
[SourceDate "2012.12.05"]

1. e4 c5 2. Nf3 Nc6 3. d4 cxd4 4. Nxd4 g6 5. Nc3 Bg7 6. Be3 Nf6 7. f3 O-O 8.
Qd2 d5 9. Nxc6 bxc6 10. exd5 Nxd5 11. Nxd5 Qxd5 12. Qxd5 cxd5 13. O-O-O Rb8 14.
c3 Be6 15. Ba6 Bf6 16. g4 Be5 17. h4 Bc7 18. h5 Bb6 19. Bf4 Rbd8 20. b4 d4 21.
Bh6 Rfe8 22. Bb5 Bd7 23. Bxd7 Rxd7 24. c4 e5 25. Kd2 Bd8 26. hxg6 fxg6 27. Kd3
Re6 28. Bc1 Rf7 29. Ke4 Kf8 30. Bd2 Ke7 31. b5 Bb6 32. a4 Kd6 33. a5 Bc5 34.
Rb1 Re8 35. Rh3 Ke6 36. Rbh1 Ree7 37. Rb1 Rd7 38. Kd3 Rd8 39. Rbh1 Kd6 40. Ke4
Rdd7 41. Rb1 Rde7 42. Rbh1 Ba3 43. Ra1 Bc5 44. Rah1 Rb7 45. Rb1 a6 46. b6 Kc6
47. Bg5 Be7 48. Bd2 Bf8 49. Kxe5 d3 50. Ke4 Rbd7 51. f4 Bc5 52. Rc1 Rd4+ 53.
Kf3 Bd6 54. f5 h5 55. gxh5 Rxf5+ 56. Kg2 Rg4+ 57. Kh1 gxh5 58. Rxd3 Rf2 59. Rh3
Rxd2 60. Rxh5 Bc5 61. Rh6+ Rd6 62. Rh7 Rd7 63. Rh6+ Kb7 64. Rc2 Rg1+ 65. Kh2
Rdg7 66. Re2 R1g4 67. Rc2 Bd6+ 0-1

[Event "Benidorm 2012 - Nuevas Generaciones s16"]
[Site "Benidorm ESP"]
[Date "2012.12.05"]
[Round "1.4"]
[White "Moreno Ibanez, Miguel"]
[Black "Fernandez Alvarez, Luis"]
[Result "1-0"]
[WhiteElo "2116"]
[BlackElo "1698"]
[PlyCount "45"]
[EventDate "2012.12.05"]
[EventType "swiss"]
[EventRounds "7"]
[EventCountry "ESP"]
[Source "lmi"]
[SourceDate "2012.12.05"]

1. e4 e6 2. d4 d5 3. Nd2 c5 4. Ngf3 Nc6 5. dxc5 Bxc5 6. Bd3 Nf6 7. Qe2 O-O 8.
O-O Nb4 9. a3 Nxd3 10. cxd3 a6 11. b4 Ba7 12. Nb3 h6 13. Bb2 b5 14. e5 Nd7 15.
Bd4 Bxd4 16. Nfxd4 Bb7 17. f4 Qe7 18. Na5 Nb6 19. f5 Qh4 20. Qe3 Bc8 21. Rf4
Qd8 22. f6 g5 23. Rh4 1-0

[Event "Benidorm 2012 - Nuevas Generaciones s16"]
[Site "Benidorm ESP"]
[Date "2012.12.05"]
[Round "1.5"]
[White "Garcia De Lomas Guerrero, Carl"]
[Black "De La Calle Fuentes, Sergio"]
[Result "1-0"]
[WhiteElo "2053"]
[BlackElo "1683"]
[PlyCount "47"]
[EventDate "2012.12.05"]
[EventType "swiss"]
[EventRounds "7"]
[EventCountry "ESP"]
[Source "lmi"]
[SourceDate "2012.12.05"]

1. e4 e5 2. Nf3 d6 3. d4 exd4 4. Nxd4 Nf6 5. Nc3 Be7 6. f3 O-O 7. Be3 Re8 8.
Qd2 Nbd7 9. O-O-O Ne5 10. h3 Bf8 11. Be2 c6 12. f4 Ng6 13. Bd3 Qc7 14. g4 a6
15. g5 Nd7 16. Be2 Nc5 17. h4 b5 18. h5 Ne7 19. Bf3 Bb7 20. g6 fxg6 21. hxg6
Nxg6 22. Qh2 h6 23. Rdg1 Ne7 24. Qxh6 1-0

[Event "Benidorm 2012 - Nuevas Generaciones s16"]
[Site "Benidorm ESP"]
[Date "2012.12.05"]
[Round "1.6"]
[White "Tormo Bas, Gonzalo"]
[Black "Capote Robayna, Nathaniel"]
[Result "0-1"]
[WhiteElo "1681"]
[BlackElo "2038"]
[PlyCount "51"]
[EventDate "2012.12.05"]
[EventType "swiss"]
[EventRounds "7"]
[EventCountry "ESP"]
[Source "lmi"]
[SourceDate "2012.12.05"]

1. d4 Nf6 2. Nf3 c5 3. e3 d5 4. Bd3 g6 5. b3 cxd4 6. exd4 Bg7 7. Bb2 O-O 8. O-O
Nc6 9. Nbd2 Qb6 10. c3 Re8 11. Re1 Nh5 12. Ne5 Nf4 13. Bc2 Nxe5 14. dxe5 Qc7
15. Nf3 Bg4 16. Qd4 Nh3+ 17. Kf1 Bxf3 18. gxf3 Ng5 19. Qg4 Ne6 20. f4 Nf8 21.
h4 f5 22. exf6 exf6 23. f5 Qh2 24. fxg6 hxg6 25. c4 f5 26. Bxf5 0-1

[Event "Benidorm 2012 - Nuevas Generaciones s16"]
[Site "Benidorm ESP"]
[Date "2012.12.05"]
[Round "1.7"]
[White "Jimenez Almeida, Luis David"]
[Black "Jarque Megias, Juan Jose"]
[Result "0-1"]
[WhiteElo "2027"]
[BlackElo "1680"]
[PlyCount "76"]
[EventDate "2012.12.05"]
[EventType "swiss"]
[EventRounds "7"]
[EventCountry "ESP"]
[Source "lmi"]
[SourceDate "2012.12.05"]

1. d4 d5 2. Nf3 Nf6 3. c4 c6 4. e3 e6 5. Nbd2 Bd6 6. b3 O-O 7. Bd3 Nbd7 8. Bb2
Re8 9. Ne5 c5 10. O-O b6 11. f4 Bb7 12. cxd5 Bxd5 13. e4 Bb7 14. g4 cxd4 15.
Ndc4 Nc5 16. Qe2 Nxd3 17. Qxd3 Nxg4 18. Nxd6 Qxd6 19. Nc4 Qc6 20. Qxd4 Nf6 21.
Rfe1 Rad8 22. Qe5 b5 23. Qg5 h6 24. Qg2 Nh5 25. Ne5 Qc5+ 26. Kh1 Nxf4 27. Qg3
Nh5 28. Qf3 Nf6 29. Re2 Rd2 30. Nd3 Rxd3 31. Qxd3 Nxe4 32. Rxe4 f5 33. Rae1
Bxe4+ 34. Rxe4 fxe4 35. Qd7 Re7 36. Qd8+ Kf7 37. Qh8 Qg5 38. Qd8 e3 0-1

[Event "Benidorm 2012 - Nuevas Generaciones s16"]
[Site "Benidorm ESP"]
[Date "2012.12.05"]
[Round "1.8"]
[White "Nevado Jimenez, Sergio"]
[Black "Romero Calduch, Sergio"]
[Result "0-1"]
[WhiteElo "1653"]
[BlackElo "2024"]
[PlyCount "44"]
[EventDate "2012.12.05"]
[EventType "swiss"]
[EventRounds "7"]
[EventCountry "ESP"]
[Source "lmi"]
[SourceDate "2012.12.05"]

1. d4 Nf6 2. Nf3 g6 3. Bg5 Bg7 4. e3 d6 5. Nbd2 O-O 6. Be2 b6 7. c3 Bb7 8. O-O
Nbd7 9. Qc2 c5 10. a4 Qc7 11. Rfc1 e5 12. c4 h6 13. Bh4 g5 14. dxe5 dxe5 15.
Bg3 Qc6 16. h3 Rad8 17. a5 Rfe8 18. Qa4 Nh5 19. Ne1 Nxg3 20. fxg3 e4 21. Qa3
Ne5 22. Nxe4 Qxe4 0-1

[Event "Benidorm 2012 - Nuevas Generaciones s16"]
[Site "Benidorm ESP"]
[Date "2012.12.05"]
[Round "1.9"]
[White "Garcia-Castany Musellas, Gal.L"]
[Black "Cribilles Perez, Carlos"]
[Result "1-0"]
[WhiteElo "1993"]
[BlackElo "1640"]
[PlyCount "47"]
[EventDate "2012.12.05"]
[EventType "swiss"]
[EventRounds "7"]
[EventCountry "ESP"]
[Source "lmi"]
[SourceDate "2012.12.05"]

1. e4 c5 2. Nf3 Nc6 3. d4 cxd4 4. Nxd4 g6 5. Nc3 Bg7 6. Be3 Nf6 7. Bc4 O-O 8.
Bb3 d6 9. f3 Bd7 10. Qd2 Nxd4 11. Bxd4 Bc6 12. h4 h5 13. O-O-O Qa5 14. Kb1 Rae8
15. Qf2 Nd7 16. Bxg7 Kxg7 17. g4 Nf6 18. Nd5 Nxd5 19. Bxd5 e6 20. Bb3 hxg4 21.
h5 g5 22. h6+ Kh7 23. fxg4 Qe5 24. Rhf1 1-0

[Event "Benidorm 2012 - Nuevas Generaciones s16"]
[Site "Benidorm ESP"]
[Date "2012.12.05"]
[Round "1.10"]
[White "Colchero Truniger, Oliver"]
[Black "Pinsach Gelabert, Alexandre"]
[Result "0-1"]
[WhiteElo "1625"]
[BlackElo "1991"]
[PlyCount "76"]
[EventDate "2012.12.05"]
[EventType "swiss"]
[EventRounds "7"]
[EventCountry "ESP"]
[Source "lmi"]
[SourceDate "2012.12.05"]

1. e4 e5 2. Nf3 Nc6 3. d4 exd4 4. Nxd4 Nf6 5. Nxc6 bxc6 6. e5 Qe7 7. Qe2 Nd5 8.
c4 Ba6 9. Qe4 Nb6 10. Nc3 g6 11. Bd3 Bg7 12. f4 O-O 13. O-O Bxc4 14. Bxc4 Qc5+
15. Be3 Qxc4 16. Rad1 Qxe4 17. Nxe4 Nd5 18. Bc5 Rfe8 19. Rf3 d6 20. Bd4 dxe5
21. fxe5 Bxe5 22. Nf6+ Bxf6 23. Bxf6 Re6 24. Bd4 f5 25. Rc1 Rb8 26. Rf2 Nb4 27.
Rc4 Nd3 28. Rf1 c5 29. Bxc5 Rxb2 30. Bxa7 Ree2 31. Rd1 Rxg2+ 32. Kh1 Rxh2+ 33.
Kg1 Rhd2 34. Rxd2 Rxd2 35. Rxc7 Rd1+ 36. Kg2 Nf4+ 37. Kf3 Rf1+ 38. Kg3 Ne2+ 0-1

[Event "Benidorm 2012 - Nuevas Generaciones s16"]
[Site "Benidorm ESP"]
[Date "2012.12.05"]
[Round "1.11"]
[White "Domingo Nunez, Ruben"]
[Black "Tomas Romero, Francisco"]
[Result "1-0"]
[WhiteElo "1904"]
[BlackElo "1597"]
[PlyCount "51"]
[EventDate "2012.12.05"]
[EventType "swiss"]
[EventRounds "7"]
[EventCountry "ESP"]
[Source "lmi"]
[SourceDate "2012.12.05"]

1. e4 c5 2. Nc3 d6 3. Bb5+ Bd7 4. Bxd7+ Nxd7 5. Nf3 g6 6. d4 Bg7 7. O-O cxd4 8.
Nxd4 Ngf6 9. Be3 O-O 10. f3 a6 11. Qd2 Rc8 12. Rad1 Ne5 13. b3 Qa5 14. Nd5 Qd8
15. c4 Nfd7 16. Bg5 Bf6 17. Nxf6+ Nxf6 18. Bxf6 exf6 19. Kh1 Qb6 20. Nc2 Rfd8
21. Qf4 Kg7 22. Ne3 Rd7 23. Qxf6+ Kg8 24. Nd5 Qd8 25. Qxd8+ Rdxd8 26. Ne7+ 1-0

[Event "Benidorm 2012 - Nuevas Generaciones s16"]
[Site "Benidorm ESP"]
[Date "2012.12.06"]
[Round "2.1"]
[White "Perez Nunez, Saul"]
[Black "Montoliu Cervero, Francisco"]
[Result "0-1"]
[WhiteElo "1861"]
[BlackElo "2270"]
[PlyCount "118"]
[EventDate "2012.12.05"]
[EventType "swiss"]
[EventRounds "7"]
[EventCountry "ESP"]
[Source "lmi"]
[SourceDate "2012.12.05"]

1. e4 c5 2. Nf3 d6 3. d4 cxd4 4. Nxd4 Nf6 5. Nc3 g6 6. Be3 Bg7 7. f3 Nc6 8. Qd2
O-O 9. O-O-O d5 10. exd5 Nxd5 11. Nxc6 bxc6 12. Nxd5 cxd5 13. Qxd5 Qc7 14. Qc5
Qb7 15. Qa3 Bf5 16. Bd3 Rab8 17. b3 Bxd3 18. Rxd3 Rfc8 19. c4 Rxc4+ 20. Kd2 Rc7
21. Rd1 Be5 22. h3 Bd6 23. Qa4 Qb4+ 24. Ke2 a5 25. Qxb4 axb4 26. R1d2 Ra8 27.
Rb2 Rc6 28. Rdd2 Rca6 29. Bd4 f6 30. Rbc2 e5 31. Bg1 Kf7 32. Bh2 Ke6 33. g3 f5
34. Bg1 h5 35. Kd3 Be7 36. Kc4 Ra5 37. Bb6 Rc8+ 38. Kd3 Rd5+ 39. Ke2 Bg5 40.
Be3 Rxd2+ 41. Rxd2 Bxe3 42. Kxe3 Rc3+ 43. Kf2 g5 44. Re2 Kd5 45. Rd2+ Ke6 46.
Re2 Rc1 47. Kg2 Rd1 48. Kf2 Kd5 49. Rc2 e4 50. Rc8 Rd2+ 51. Ke1 Rxa2 52. Rd8+
Ke5 53. fxe4 Kxe4 54. Rh8 Ke3 55. Re8+ Kf3 56. Rh8 Kxg3 57. Rxh5 Kf4 58. Rh8
Rb2 59. h4 g4 0-1

[Event "Benidorm 2012 - Nuevas Generaciones s16"]
[Site "Benidorm ESP"]
[Date "2012.12.06"]
[Round "2.2"]
[White "Acosta Sosa, Juan Manuel"]
[Black "Domingo Nunez, Alejandro"]
[Result "1-0"]
[WhiteElo "2167"]
[BlackElo "1849"]
[PlyCount "73"]
[EventDate "2012.12.05"]
[EventType "swiss"]
[EventRounds "7"]
[EventCountry "ESP"]
[Source "lmi"]
[SourceDate "2012.12.05"]

1. d4 Nf6 2. g3 g6 3. Bg2 Bg7 4. c4 d6 5. Nc3 O-O 6. d5 c5 7. Nf3 Nbd7 8. h3 a6
9. O-O Rb8 10. a4 Ne8 11. e4 Qa5 12. Ra3 Qb4 13. Qd3 b5 14. axb5 axb5 15. Nxb5
Rxb5 16. cxb5 c4 17. Qd2 Qxb5 18. Nd4 Qb7 19. Nc6 e5 20. Ra7 Qb6 21. Ne7+ Kh8
22. Nxc8 Qd8 23. Nxd6 Nxd6 24. Qb4 Nf6 25. Re1 h6 26. Bd2 Nfe8 27. Bc3 Qc8 28.
Rea1 Qd8 29. R1a6 Nc8 30. Ra8 Nc7 31. Qxc4 Nxa8 32. Rxa8 Kh7 33. Qc6 Qe8 34.
Bf1 f5 35. Ba6 fxe4 36. Qxe8 Rxe8 37. Rxc8 1-0

[Event "Benidorm 2012 - Nuevas Generaciones s16"]
[Site "Benidorm ESP"]
[Date "2012.12.06"]
[Round "2.3"]
[White "Perez Pardo, Sergio Ivan"]
[Black "Moreno Ibanez, Miguel"]
[Result "1-0"]
[WhiteElo "1845"]
[BlackElo "2116"]
[PlyCount "135"]
[EventDate "2012.12.05"]
[EventType "swiss"]
[EventRounds "7"]
[EventCountry "ESP"]
[Source "lmi"]
[SourceDate "2012.12.05"]

1. e4 c5 2. Nf3 e6 3. d4 cxd4 4. Nxd4 Nf6 5. Bd3 Nc6 6. Nxc6 bxc6 7. O-O e5 8.
c4 Bc5 9. Nc3 d6 10. Be2 Rb8 11. Kh1 h5 12. Bg5 Bd4 13. Rb1 Qa5 14. Bxf6 gxf6
15. Qd2 Qb4 16. Qd3 Be6 17. f4 Ke7 18. f5 Bd7 19. Rf3 Qa5 20. a3 Rb3 21. Bd1
Rxc3 22. bxc3 Bb6 23. a4 Qc5 24. Rf1 h4 25. h3 Rg8 26. Bg4 Bc8 27. Be2 Ba6 28.
Rf3 d5 29. Qc2 dxc4 30. Rd1 Rd8 31. Rff1 Rb8 32. Qd2 Rd8 33. Qh6 Rd3 34. Bxd3
cxd3 35. Qd2 Qc4 36. Rf3 Qxe4 37. Rxd3 Bxd3 38. Qxd3 Qxd3 39. Rxd3 Bf2 40. Rd2
Bg3 41. Kg1 Bf4 42. Rd1 Bg3 43. Kf1 Bf4 44. Ke2 a5 45. Kf3 Bg3 46. c4 Bf4 47.
Ke4 Bg3 48. c5 Bf2 49. Rd6 Bxc5 50. Rxc6 Bd4 51. Kd5 Bf2 52. Rc4 Be1 53. Re4
Bf2 54. Kc6 Bg3 55. Re2 Bf4 56. Kb5 Kd6 57. Kxa5 Kd5 58. Kb4 Kd4 59. a5 Kd3 60.
a6 Kxe2 61. a7 e4 62. a8=Q Bd2+ 63. Kc4 Ke3 64. Qd5 Be1 65. Qd4+ Kf4 66. Kd5
Kg3 67. Qxe4 Kh2 68. Qxe1 1-0

[Event "Benidorm 2012 - Nuevas Generaciones s16"]
[Site "Benidorm ESP"]
[Date "2012.12.06"]
[Round "2.4"]
[White "Chaikhiev Chaikhieva, Miguel A"]
[Black "Garcia De Lomas Guerrero, Carl"]
[Result "1-0"]
[WhiteElo "1829"]
[BlackElo "2053"]
[PlyCount "81"]
[EventDate "2012.12.05"]
[EventType "swiss"]
[EventRounds "7"]
[EventCountry "ESP"]
[Source "lmi"]
[SourceDate "2012.12.05"]

1. d4 d5 2. Nf3 Nf6 3. g3 e6 4. Bg2 Be7 5. O-O O-O 6. b3 Nbd7 7. Bb2 c5 8. e3
b6 9. Nbd2 Bb7 10. c4 Rc8 11. Ne5 cxd4 12. exd4 Nb8 13. Rc1 Bd6 14. a3 Qe7 15.
b4 dxc4 16. Bxb7 Qxb7 17. Ndxc4 Be7 18. b5 Rfd8 19. Qa4 a6 20. bxa6 Nxa6 21.
Qb5 Rd5 22. Qxb6 Rb5 23. Qxb7 Rxb7 24. Rb1 Nd5 25. Na5 Rb5 26. Nec6 Rb6 27.
Rfc1 Bg5 28. f4 Bf6 29. Nb4 Rxc1+ 30. Rxc1 g6 31. Nc4 Naxb4 32. Nxb6 Nd3 33.
Nxd5 exd5 34. Rc8+ Kg7 35. Bc3 Nc1 36. Kf2 Nb3 37. Ke3 g5 38. a4 h5 39. a5 h4
40. a6 gxf4+ 41. gxf4 1-0

[Event "Benidorm 2012 - Nuevas Generaciones s16"]
[Site "Benidorm ESP"]
[Date "2012.12.06"]
[Round "2.5"]
[White "Capote Robayna, Nathaniel"]
[Black "Rodriguez Rodriguez, Alvaro"]
[Result "1-0"]
[WhiteElo "2038"]
[BlackElo "1830"]
[PlyCount "47"]
[EventDate "2012.12.05"]
[EventType "swiss"]
[EventRounds "7"]
[EventCountry "ESP"]
[Source "lmi"]
[SourceDate "2012.12.05"]

1. e4 c5 2. Nf3 a6 3. c4 Nc6 4. d4 cxd4 5. Nxd4 Nf6 6. Nc3 e5 7. Nf5 d5 8. cxd5
Bxf5 9. exf5 Nd4 10. Bd3 Nxd5 11. O-O Bb4 12. Be4 Nxc3 13. bxc3 Bxc3 14. Rb1
O-O 15. Rxb7 Qf6 16. Ba3 Rfe8 17. Bd5 Kh8 18. Rxf7 Qg5 19. f6 gxf6 20. Qd3 e4
21. Bxe4 Rad8 22. Rxh7+ Kg8 23. Rh3 Qb5 24. Bd5+ 1-0

[Event "Benidorm 2012 - Nuevas Generaciones s16"]
[Site "Benidorm ESP"]
[Date "2012.12.06"]
[Round "2.6"]
[White "Romero Calduch, Sergio"]
[Black "Serra Canals, Oriol"]
[Result "1-0"]
[WhiteElo "2024"]
[BlackElo "1828"]
[PlyCount "93"]
[EventDate "2012.12.05"]
[EventType "swiss"]
[EventRounds "7"]
[EventCountry "ESP"]
[Source "lmi"]
[SourceDate "2012.12.05"]

1. d4 d5 2. Nf3 e6 3. g3 Nf6 4. Bg2 Be7 5. O-O O-O 6. c4 b6 7. Nc3 Bb7 8. Ne5
Nbd7 9. Qa4 c5 10. e3 Nxe5 11. dxe5 Nd7 12. cxd5 Nxe5 13. d6 Nf3+ 14. Bxf3 Bxf3
15. dxe7 Qxe7 16. Qf4 Bb7 17. b3 g5 18. Qg4 f5 19. Qh5 Rad8 20. Rd1 Rxd1+ 21.
Qxd1 f4 22. exf4 e5 23. Qg4 exf4 24. Bxf4 h6 25. Be3 Qf6 26. Rd1 Qxc3 27. Qe6+
Rf7 28. Qxh6 Qf6 29. Qxf6 Rxf6 30. Rd8+ Kg7 31. Bxg5 Rf7 32. Re8 Kg6 33. Re7 a5
34. Rxf7 Kxf7 35. Bd8 b5 36. Bxa5 Be4 37. Bb6 Bb1 38. a4 c4 39. bxc4 bxc4 40.
Bd4 Ke6 41. a5 Kd5 42. Be3 Be4 43. Kf1 c3 44. Ke2 Kc4 45. a6 Kb3 46. a7 c2 47.
h4 1-0

[Event "Benidorm 2012 - Nuevas Generaciones s16"]
[Site "Benidorm ESP"]
[Date "2012.12.06"]
[Round "2.7"]
[White "Gonzalez Capacete, Jose Miguel"]
[Black "Garcia-Castany Musellas, Gal.L"]
[Result "0-1"]
[WhiteElo "1790"]
[BlackElo "1993"]
[PlyCount "60"]
[EventDate "2012.12.05"]
[EventType "swiss"]
[EventRounds "7"]
[EventCountry "ESP"]
[Source "lmi"]
[SourceDate "2012.12.05"]

1. e4 e5 2. Nf3 Nc6 3. Bb5 a6 4. Ba4 Nf6 5. d3 b5 6. Bb3 Be7 7. a4 b4 8. a5 d6
9. Nbd2 O-O 10. c3 Rb8 11. O-O h6 12. Re1 Be6 13. Bc4 Bxc4 14. Nxc4 Re8 15. d4
bxc3 16. dxe5 Nxe5 17. Nfxe5 dxe5 18. Qxd8 Rexd8 19. bxc3 Rb5 20. f3 Rd3 21.
Bb2 Nd7 22. Rad1 Nc5 23. Rxd3 Nxd3 24. Re2 Bg5 25. Rc2 Rc5 26. Na3 Rxa5 27. Nc4
Ra2 28. Kf1 Bc1 29. Rxc1 Nxc1 30. Bxc1 Ra1 0-1

[Event "Benidorm 2012 - Nuevas Generaciones s16"]
[Site "Benidorm ESP"]
[Date "2012.12.06"]
[Round "2.8"]
[White "Pinsach Gelabert, Alexandre"]
[Black "Juanes Garcia, Olaya"]
[Result "1-0"]
[WhiteElo "1991"]
[BlackElo "1774"]
[PlyCount "63"]
[EventDate "2012.12.05"]
[EventType "swiss"]
[EventRounds "7"]
[EventCountry "ESP"]
[Source "lmi"]
[SourceDate "2012.12.05"]

1. e4 c5 2. Nf3 d6 3. d4 cxd4 4. Nxd4 Nf6 5. Nc3 a6 6. Bc4 e6 7. O-O Be7 8. a4
O-O 9. Be3 Nbd7 10. f4 Qc7 11. Ba2 Nc5 12. Qf3 Bd7 13. b4 Nb3 14. cxb3 Qxc3 15.
Rac1 Qxb4 16. Rc4 Qa5 17. g4 d5 18. exd5 Nxd5 19. f5 b5 20. Nc6 Bxc6 21. Rxc6
Rad8 22. Bb1 Rc8 23. Rxc8 Rxc8 24. fxe6 Nxe3 25. Qxf7+ Kh8 26. Qh5 Nf5 27. Bxf5
Qb6+ 28. Rf2 Rc1+ 29. Kg2 Qc6+ 30. Rf3 Rc2+ 31. Bxc2 Qxc2+ 32. Kh3 1-0

[Event "Benidorm 2012 - Nuevas Generaciones s16"]
[Site "Benidorm ESP"]
[Date "2012.12.06"]
[Round "2.10"]
[White "Fernandez Cano, Victor"]
[Black "Cortes Cabeza, Cameron"]
[Result "1/2-1/2"]
[WhiteElo "1883"]
[BlackElo "1694"]
[PlyCount "110"]
[EventDate "2012.12.05"]
[EventType "swiss"]
[EventRounds "7"]
[EventCountry "ESP"]
[Source "lmi"]
[SourceDate "2012.12.05"]

1. Nf3 Nf6 2. d4 d5 3. Bf4 Bf5 4. e3 e6 5. Nbd2 Nbd7 6. h3 h6 7. Be2 Be7 8. O-O
O-O 9. c4 c6 10. a3 a6 11. Bh2 Bh7 12. c5 b6 13. b4 b5 14. Ne5 Nxe5 15. dxe5
Nd7 16. Nb3 Qc8 17. Nd4 Rd8 18. f4 Nf8 19. Bd3 f5 20. a4 Qb7 21. Bg3 Bg6 22.
Ra3 Ra7 23. Qa1 Rda8 24. Rf2 a5 25. axb5 axb4 26. Rxa7 Rxa7 27. Qc1 Be8 28. b6
Ra3 29. Bf1 Rc3 30. Rc2 Bxc5 31. Rxc3 bxc3 32. Qxc3 Qxb6 33. Bh4 Qb4 34. Qa1
Qd2 35. Bf2 Bxd4 36. Qxd4 Qc1 37. Qa4 Bh5 38. Qa5 Be2 39. Qe1 Qxe1 40. Bxe1
Bxf1 41. Kxf1 Nd7 42. Ke2 c5 43. Kd3 Kf7 44. g3 g6 45. Ba5 h5 46. h4 Ke8 47.
Bc7 c4+ 48. Kd4 c3 49. Kxc3 Nc5 50. Kd4 Ne4 51. Ba5 Nxg3 52. Kc5 Kd7 53. Be1
Ne4+ 54. Kb5 Kc7 55. Ba5+ Kb7 1/2-1/2

[Event "Benidorm 2012 - Nuevas Generaciones s16"]
[Site "Benidorm ESP"]
[Date "2012.12.06"]
[Round "3.1"]
[White "Montoliu Cervero, Francisco"]
[Black "Pinsach Gelabert, Alexandre"]
[Result "1/2-1/2"]
[WhiteElo "2270"]
[BlackElo "1991"]
[PlyCount "34"]
[EventDate "2012.12.05"]
[EventType "swiss"]
[EventRounds "7"]
[EventCountry "ESP"]
[Source "lmi"]
[SourceDate "2012.12.05"]

1. e4 e5 2. Nf3 Nc6 3. Bb5 a6 4. Ba4 Nf6 5. O-O Nxe4 6. d4 exd4 7. Re1 d5 8.
Nbd2 Bb4 9. Nxd4 O-O 10. Nxc6 bxc6 11. c3 Nxf2 12. Qe2 Bc5 13. Nb3 Bg4 14. Qf1
Nh3+ 15. Kh1 Nf2+ 16. Kg1 Nh3+ 17. Kh1 Nf2+ 1/2-1/2

[Event "Benidorm 2012 - Nuevas Generaciones s16"]
[Site "Benidorm ESP"]
[Date "2012.12.06"]
[Round "3.2"]
[White "Domingo Nunez, Ruben"]
[Black "Acosta Sosa, Juan Manuel"]
[Result "1/2-1/2"]
[WhiteElo "1904"]
[BlackElo "2167"]
[PlyCount "80"]
[EventDate "2012.12.05"]
[EventType "swiss"]
[EventRounds "7"]
[EventCountry "ESP"]
[Source "lmi"]
[SourceDate "2012.12.05"]

1. d4 d5 2. Nf3 Nf6 3. c4 c6 4. Nc3 a6 5. a4 e6 6. e3 Nbd7 7. Bd3 Bb4 8. Bd2
O-O 9. O-O dxc4 10. Bxc4 c5 11. Qe2 cxd4 12. exd4 Nb6 13. Bb3 Qd6 14. Bg5 Bd7
15. Bxf6 gxf6 16. a5 Nd5 17. Nxd5 exd5 18. Nh4 Qf4 19. g3 Qe4 20. Qxe4 dxe4 21.
Bd5 Bc6 22. Bxc6 bxc6 23. Ra4 Rab8 24. Rc1 Rfc8 25. Nf5 Kf8 26. d5 c5 27. Nd6
Rd8 28. Nxe4 Rxd5 29. Nxf6 Rd2 30. Rc2 Rbd8 31. Rxd2 Rxd2 32. b3 Rb2 33. Nd7+
Ke7 34. Nb8 Rxb3 35. Nxa6 Kd6 36. Nxb4 Rxb4 37. Ra3 Rb7 38. Kf1 c4 39. a6 Ra7
40. Ra5 Kc6 1/2-1/2

[Event "Benidorm 2012 - Nuevas Generaciones s16"]
[Site "Benidorm ESP"]
[Date "2012.12.06"]
[Round "3.3"]
[White "Garcia Martinez, Marcos"]
[Black "Capote Robayna, Nathaniel"]
[Result "1/2-1/2"]
[WhiteElo "1873"]
[BlackElo "2038"]
[PlyCount "65"]
[EventDate "2012.12.05"]
[EventType "swiss"]
[EventRounds "7"]
[EventCountry "ESP"]
[Source "lmi"]
[SourceDate "2012.12.05"]

1. d4 Nf6 2. g3 g6 3. Bg2 Bg7 4. e4 d6 5. Nc3 O-O 6. Nge2 Nbd7 7. h3 e5 8. Be3
exd4 9. Bxd4 c6 10. a4 Re8 11. O-O Qc7 12. g4 Nc5 13. Ng3 Ne6 14. Be3 Rd8 15.
Qe2 d5 16. exd5 Nxd5 17. Nxd5 cxd5 18. Rad1 d4 19. Bc1 Bd7 20. Bd5 Rac8 21. b3
Re8 22. Qd2 Bc6 23. Bc4 Bf6 24. Bxe6 Rxe6 25. Bb2 Bf3 26. Rde1 Qxc2 27. Qf4
Rxe1 28. Rxe1 Qxb2 29. Qxf6 Qc3 30. Re7 Qxb3 31. Qxd4 Qd1+ 32. Qxd1 Bxd1 33.
Rxb7 1/2-1/2